Beijing 95: los derechos humanos de las mujeres /

Guardat en:
Dades bibliogràfiques
Autor principal: Facio, Alda
Format: Text
Matèries:
Etiquetes: Afegir etiqueta
Sense etiquetes, Sigues el primer a etiquetar aquest registre!

MARC

LEADER 00000 a a2200000 04500
001 7458
003
040
100 |a Facio, Alda  
245 |a Beijing 95: los derechos humanos de las mujeres /  |c Alda Facio 
650 |a DERECHOS DE LA MUJER  
650 |a PARTICIPACION DE LA MUJER  
650 |a ORGANIZACIONES NO GUBERNAMENTALES  
650 |a DESARROLLO SUSTENTABLE  
650 |a ORGANIZACIONES DE MUJERES  
773 |g número 5; páginas 45-52  
999 |c 36658  |d 36658